<?xml version="1.0" encoding="UTF-8"?>
<collection xmlns="http://www.loc.gov/MARC21/slim">
<record>
  <controlfield tag="001">127457</controlfield>
  <controlfield tag="005">20230907110842.0</controlfield>
  <datafield tag="037" ind1=" " ind2=" ">
    <subfield code="a">TAZ-TFG-2023-682</subfield>
  </datafield>
  <datafield tag="041" ind1=" " ind2=" ">
    <subfield code="a">spa</subfield>
  </datafield>
  <datafield tag="100" ind1="1" ind2=" ">
    <subfield code="a">Ortega Saludas, Julia</subfield>
  </datafield>
  <datafield tag="242" ind1="0" ind2="0">
    <subfield code="a">Effectiveness of the bobath concept in adults with hemiparesis secondary to stroke. Narrative review</subfield>
  </datafield>
  <datafield tag="245" ind1="0" ind2="0">
    <subfield code="a">Efectividad del concepto bobath en adultos con hemiparesia secundaria a ictus. Revisión narrativa</subfield>
  </datafield>
  <datafield tag="260" ind1=" " ind2=" ">
    <subfield code="a">Zaragoza</subfield>
    <subfield code="b">Universidad de Zaragoza</subfield>
    <subfield code="c">2023</subfield>
  </datafield>
  <datafield tag="506" ind1=" " ind2=" ">
    <subfield code="a">by-nc-sa</subfield>
    <subfield code="b">Creative Commons</subfield>
    <subfield code="c">3.0</subfield>
    <subfield code="u">http://creativecommons.org/licenses/by-nc-sa/3.0/</subfield>
  </datafield>
  <datafield tag="520" ind1=" " ind2=" ">
    <subfield code="a">Introducción. El ictus es la primera causa de mortalidad entre las mujeres españolas y la segunda en los varones. Se clasifica, según el proceso patológico y la distribución vascular afectada, en isquémico (el 87%) o hemorrágico (el 13% restante). El Concepto Bobath o tratamiento del neurodesarrollo es el enfoque más difundido a nivel mundial. Su objetivo es optimizar las funciones de la persona, mejorando el control postural y facilitando los movimientos selectivos.&lt;br />Objetivo. Analizar la evidencia científica de la eficacia del Concepto Bobath sobre pacientes adultos con hemiparesia secundaria a ictus en la mejora del equilibrio, capacidad funcional, función de la marcha, del tronco y en la independencia en AVD. &lt;br />Metodología. Se realizó una revisión narrativa a través de la búsqueda de ensayos clínicos aleatorizados desde 2011 en las bases de datos PubMed y PEDro. El grupo de intervención debía recibir un tratamiento que incluyera el Concepto Bobath como terapia. &lt;br />Resultados. De los 158 artículos encontrados, 6 cumplieron los criterios de inclusión. Se estudiaron las variables de equilibrio, capacidad funcional, función de la marcha, del tronco e independencia en AVD, medidas con las respectivas escalas estandarizadas. &lt;br />Conclusiones. El tratamiento con el Concepto Bobath en pacientes con hemiparesia secundaria a ictus es efectivo en la mejora del equilibrio, la capacidad funcional, la función de la marcha y la función del tronco. Sin embargo, el efecto sobre la independencia en las AVD resulta similar a otros métodos.&lt;br />Palabras clave. “bobath”, “therapy stroke rehabilitation”, “adult”, “stroke treatment”, “NDT” y “stroke”.&lt;br />&lt;br />&lt;br /></subfield>
  </datafield>
  <datafield tag="521" ind1=" " ind2=" ">
    <subfield code="a">Graduado en Fisioterapia</subfield>
  </datafield>
  <datafield tag="540" ind1=" " ind2=" ">
    <subfield code="a">Derechos regulados por licencia Creative Commons</subfield>
  </datafield>
  <datafield tag="700" ind1=" " ind2=" ">
    <subfield code="a">Domínguez Oliván, María Pilar</subfield>
    <subfield code="e">dir.</subfield>
  </datafield>
  <datafield tag="710" ind1="2" ind2=" ">
    <subfield code="a">Universidad de Zaragoza</subfield>
    <subfield code="b">Fisiatría y Enfermería</subfield>
    <subfield code="c">Fisioterapia</subfield>
  </datafield>
  <datafield tag="856" ind1="0" ind2=" ">
    <subfield code="f">798660@unizar.es</subfield>
  </datafield>
  <datafield tag="856" ind1="4" ind2=" ">
    <subfield code="s">17284559</subfield>
    <subfield code="u">http://zaguan.unizar.es/record/127457/files/TAZ-TFG-2023-682.pdf</subfield>
    <subfield code="y">Memoria (spa)</subfield>
  </datafield>
  <datafield tag="909" ind1="C" ind2="O">
    <subfield code="o">oai:zaguan.unizar.es:127457</subfield>
    <subfield code="p">driver</subfield>
    <subfield code="p">trabajos-fin-grado</subfield>
  </datafield>
  <datafield tag="950" ind1=" " ind2=" ">
    <subfield code="a"></subfield>
  </datafield>
  <datafield tag="980" ind1=" " ind2=" ">
    <subfield code="a">TAZ</subfield>
    <subfield code="b">TFG</subfield>
    <subfield code="c">EUCS</subfield>
  </datafield>
  <datafield tag="999" ind1=" " ind2=" ">
    <subfield code="a">20230522170555.CREATION_DATE</subfield>
  </datafield>
  <datafield tag="951" ind1=" " ind2=" ">
    <subfield code="a">deposita:2023-09-07</subfield>
  </datafield>
</record>
</collection>